Países onde faz mais frio - Statistics

Estatísticas Gerais
  • Esse quiz foi jogado 178 vezes
  • A pontuação média é 7 de 10
Estatísticas das Respostas
Hint Resposta % Correto
3. Rússia
99%
5. Canadá
97%
6. Estados Unidos
95%
8. Finlândia
90%
7. Islândia
90%
10. Mongólia
61%
9. Estónia
53%
2. Cazaquistão
51%
1. Antártida
20%
4. Gronelândia
3%
Nenhum quiz correspondente encontrado
Distribuição das Pontuações
Porcentagem de Pessoas com Cada Pontuação
Percentil de Números Respondidos
Sua Pontuação Histórica
Você não jogou esse quiz